000 00368nam a2200157Ia 4500
003 GCL
040 _aGCL /
_cGCL
082 0 4 _a833
_bL G
100 1 _aLEMIEUZ, MICHELE
245 1 0 _aGEWITTER NACHT /
_cLEMIEUZ, MICHELE
260 _a[S.N] :
_bBELTZ UND GELBERG ،
_c1983
650 0 4 _aDAYDREAMS
650 0 4 _aFICTION
650 0 4 _aGERMAN FICTION
942 _2ddc
_cBK
999 _c25393
_d25393